Encuentro Internacional de materiales educativos y práctica pedagógica
Las memorias del encuentro permiten hacer un recorrido por el tema de los materiales educativos como herramientas que , subordinadas a un enfoque pedagógico, facilitan de manera importante los aprendizajes de los alumnos.
Saved in:
| Institution som forfatter: | |
|---|---|
| Format: | Conference Proceeding Bog |
| Sprog: | Spanish |
| Udgivet: |
Bogotá:
Convenio Andres Bello,
2001
|
| Fag: | |
| Online adgang: | Enlace del recurso |
| Tags: |
Tilføj Tag
Ingen Tags, Vær først til at tagge denne postø!
|
MARC
| LEADER | 00000nam a2200000 a 4500 | ||
|---|---|---|---|
| 001 | 001299 | ||
| 008 | 030728s2001 ck # fr# #000|0#spa#d | ||
| 020 | |a 958-698-072-3 | ||
| 041 | 0 | |a spa | |
| 043 | |a s-ck--- | ||
| 082 | 0 | 4 | |a 371.3 |b E518e |
| 111 | 2 | |a Encuentro Internacional de Materiales Educativos y Práctica Pedagógica |d (2000 jun. 27-29 : |c Lima) | |
| 245 | 1 | 0 | |a Encuentro Internacional de materiales educativos y práctica pedagógica |c El Encuentro |
| 260 | |a Bogotá: |b Convenio Andres Bello, |c 2001 | ||
| 300 | |a 204 p. | ||
| 520 | 3 | |a Las memorias del encuentro permiten hacer un recorrido por el tema de los materiales educativos como herramientas que , subordinadas a un enfoque pedagógico, facilitan de manera importante los aprendizajes de los alumnos. | |
| 650 | 1 | 4 | |a MATERIAL DIDÁCTICO |
| 650 | 1 | 4 | |a FORMACIÓN PROFESIONAL DE MAESTROS |
| 999 | |c 3451 |d 3451 | ||
| 856 | |u https://catalogo.idep.edu.co/cgi-bin/koha/opac-detail.pl?biblionumber=3451 |z Enlace del recurso | ||